Loading...
Fine Arts - Classical Music | 8 | 26.25 | 100% | 88% | 75% |
Fine Arts - Other Fine Arts | 8 | 20.00 | 100% | 63% | 38% |
Fine Arts - Visual Fine Arts | 7 | 20.00 | 100% | 86% | 14% |
Geography/Current Events | 6 | 18.33 | 83% | 67% | 33% |
History - American History | 9 | 22.22 | 100% | 78% | 44% |
History - European History | 7 | 22.86 | 100% | 71% | 57% |
History - Other History | 7 | 21.43 | 100% | 71% | 43% |
History - World History | 10 | 23.00 | 100% | 100% | 30% |
Literature - American Literature | 9 | 25.56 | 100% | 100% | 56% |
Literature - British Literature | 9 | 23.33 | 100% | 100% | 33% |
Literature - European Literature | 4 | 22.50 | 100% | 75% | 50% |
Literature - World/Other Literature | 8 | 25.00 | 100% | 100% | 50% |
Mythology | 6 | 20.00 | 100% | 67% | 33% |
Other Academic | 3 | 23.33 | 100% | 100% | 33% |
Philosophy | 8 | 25.00 | 88% | 100% | 63% |
Religion | 9 | 16.67 | 100% | 67% | 0% |
Science - Biology | 9 | 15.56 | 100% | 56% | 0% |
Science - Chemistry | 8 | 17.50 | 100% | 63% | 13% |
Science - Other Science | 9 | 23.33 | 100% | 67% | 67% |
Science - Physics | 8 | 21.25 | 100% | 100% | 13% |
Social Science | 7 | 24.29 | 100% | 100% | 43% |
World/Other Literature> | 1 | 20.00 | 100% | 100% | 0% |